000 00620nam a22001937a 4500
999 _c15254
_d15254
003 AR-CdUCM
008 190425b ||||| |||| 00| 0 spa d
040 _aMUNICIPALIDAD PROVINCIAL DEL CUSCO
_cBIBLIOTECA MUNICIPAL DEL CUSCO
082 _aPI / 461.1 /
_bN29
110 _aCorporación gráfica navarrete
_928585
245 _aAprende las letras /
260 _aPerú :
_bNavarrete,
300 _bIlustraciones,
_c31 cm.
505 _aContenido : Aprende las letras ...
650 _aAprendo con papá y mamá
_934112
650 _aTexto para niños (as)
_934114
942 _2ddc
_cLIBROS
945 _arum
_d2019-04-26